| 000 | 00362nam a2200145 a 4500 | ||
|---|---|---|---|
| 008 | 970408s1961||||xx 0 und c | ||
| 040 |
_aSNK _bslo _cSNK _eAACR2 |
||
| 100 | 1 | _aSearle, Humphrey | |
| 245 | 1 | 0 | _aHudba Franza Liszta |
| 260 |
_aBratislava _bŠtátne hud. vydavateľstvo _c1961 |
||
| 300 | _a246 s. | ||
| 020 | _c10 | ||
| 041 | _aslo | ||
| 044 |
_axo _cSK |
||
| 999 |
_c15107 _d15107 |
||